| 000 | 01523naa a22003737a 4500 | ||
|---|---|---|---|
| 001 | BR7804272 | ||
| 003 | BR-BrBNA | ||
| 005 | 20240918174117.0 | ||
| 007 | ta | ||
| 008 | 230509b bl.||||| |||| 00| 0 por d | ||
| 040 |
_aBR-BrBNA _bpor _cBiblioteca Nacional de Agricultura |
||
| 041 | _a(Pt) | ||
| 072 |
_aH50; F00 _b0710 _b3690 _bG514 |
||
| 090 | _aH50 BR7804272 | ||
| 100 | 1 | _aCamilo, A.P. | |
| 100 | 1 | _aWardhanabhuti, M. do C.B. | |
| 100 | 1 | _aIushi, T. | |
| 100 | 1 | _aFortes, J.R. de L. | |
| 111 | 1 |
_a4. Congresso Brasileiro de Fruticultura _cSalvador, BA (Brazil) _d23 Jan 1977 |
|
| 245 | 1 | _aEfeito do ANA, 2,4,5,-TP e ALAR na queda pre-colheita de macas Malus domestica Bork (1)[Disturbio vegetal; Acido naftaleno; Acido succinico, 2,2 - Dimetul hidrazida; Santa Catarina; Brasil] | |
| 260 | 3 |
_aCruz das Almas, BA (Brasil): _c1978. |
|
| 500 | _aCunha Sobrinho, A.P.; Matos, A.P. de (eds.) Anais do 4. Congresso Brasileiro de fruticultura Cruz das Almas, BA (Brasil): 1978. p. 229-238 (BR7804272-AM)H50 | ||
| 650 | _aDisturbio vegetal | ||
| 650 | _aProducao vegetal | ||
| 650 | _aMaca | ||
| 650 | _aRegulador de crescimento | ||
| 650 | _aDeficiencia mineral | ||
| 650 | _aDeficiencia nutricional | ||
| 650 | _aQueda dos frutos | ||
| 650 | _aSanta Catarina | ||
| 773 | 0 |
_tAnais do 4. Congresso Brasileiro de fruticultura _aCunha Sobrinho, A.P.; Matos, A.P. de (eds.) _wH50 BR7804272 _gCruz das Almas, BA (Brasil), 1978. p. 229-238 |
|
| 909 |
_a202404 _bLucia _c55 _dLucia Elande |
||
| 942 |
_cAM _2AGRIS |
||
| 999 |
_c308974 _d308974 |
||